[Event "Anderssen Memorial Open-A 2020"]
[Site "Wroclaw"]
[Date "2020.08.06"]
[Round "7.7"]
[White "Jankowiak, Piotr"]
[Black "Kanicki, Krzysztof"]
[Result "0-1"]
[WhiteElo "2009"]
[BlackElo "2163"]
[Annotator "TA"]
[PlyCount "90"]
[EventDate "2020.08.01"]
[EventType "swiss"]
[EventCountry "POL"]
[SourceTitle "playchess.com"]
[Source "ChessBase"]
[SourceQuality "1"]

{[%evp 9,90,-11,-4,0,31,0,12,16,24,-12,-10,-4,-22,-14,0,-17,-15,-27,-27,-18,-30,-36,-35,-33,-36,-34,-19,-6,-4,-17,-23,-28,-10,-23,-21,-35,41,0,35,-69,-24,-30,0,0,0,-14,11,12,19,0,0,0,0,0,0,0,0,0,0,0,0,0,0,0,0,0,0,-386,-385,-420,-314,-258,-263,-645,-643,-637,-633,-627,-618,-610,-597,-560,-522]} 1. d4 Nf6 2. Bf4 g6 3. Nc3 d5 4. e3 Bg7 5. h4 c6 6. Qd2 {[#] A45: Trompowsky Attack.} Bf5 $146 ({Predecessor:} 6... h5 7. f3 Qb6 8. Na4 Qd8 9. Ne2 Bf5 10. Ng3 Nbd7 11. Nxf5 gxf5 12. Bd3 e6 {1-0 (43) Yang,K (2275)-Kalashian,D (2398) chess.com INT 2020}) 7. Nf3 Nbd7 8. Ne5 {The position is equal.} h5 9. Bd3 (9. f3 {looks sharper.} Nxe5 10. Bxe5 b5 11. Be2 a5 12. O-O-O) 9... Nxe5 10. Bxe5 Bxd3 11. Qxd3 Kf8 12. f3 Nd7 13. Bxg7+ Kxg7 14. e4 e6 15. O-O-O b5 16. Ne2 a5 17. Rdg1 b4 18. g4 hxg4 19. Rxg4 Nf6 20. Rg2 Nh5 21. Qe3 a4 22. Rg5 b3 (22... a3 $15 23. b3 Qc7) 23. cxb3 $14 axb3 24. Qxb3 (24. a3 $1 $14) 24... Qa5 {Threatens to win with ...Rhb8.} 25. a3 $1 Rab8 26. Qc2 Qb6 27. Rh2 Rhc8 28. Kb1 c5 29. Qd2 cxd4 {Hoping for ...d3!} 30. Qxd4+ Qxd4 31. Nxd4 Rc4 32. Rd2 dxe4 $1 33. fxe4 Nf6 $36 {[%mdl 2048] Black has the initiative.} 34. Re5 Rh8 35. b3 Rc3 36. a4 Rxh4 37. a5 Nxe4 38. Rc2 $2 {[%mdl 8192]} (38. Kb2 $11 Rc8 39. Rc2) 38... Rd3 $19 39. Nc6 Nd2+ {[%mdl 64] [#] Double Attack} 40. Ka2 Nxb3 41. a6 $2 (41. Rb5 Nd4 42. Rb4) 41... Ra4+ {[%mdl 64] Double Attack. Black is clearly winning.} 42. Kb2 {White wants to play a7.} Nd4 43. Nxd4 Rdxd4 44. Rc6 Rd2+ 45. Kb3 Rda2 {Accuracy: White = 76%, Black = 78%.} 0-1

[Event "Anderssen Memorial Open-A 2020"]
[Site "Wroclaw"]
[Date "2020.08.06"]
[Round "7.8"]
[White "Gardian, Adam"]
[Black "Krzywda, Andrzej"]
[Result "0-1"]
[WhiteElo "1723"]
[BlackElo "2156"]
[Annotator "TA"]
[PlyCount "64"]
[EventDate "2020.08.01"]
[EventType "swiss"]
[EventCountry "POL"]
[SourceTitle "playchess.com"]
[Source "ChessBase"]
[SourceQuality "1"]

{[%evp 15,64,-5,0,-10,-7,-15,5,-13,-9,-14,-8,-26,-25,-27,0,-2,-6,-63,-20,-17,0,0,18,16,109,-76,-68,-70,-72,-66,-54,-47,-39,-63,74,25,34,-87,-96,-88,-99,-84,-81,-674,-643,-663,-665,-665,-657,-1580,-1558]} 1. d4 Nf6 2. Bf4 d5 3. e3 e6 4. Nd2 Bd6 5. Bg3 O-O 6. Ngf3 c5 7. c3 Qc7 $1 {[%mdl 4] is more profitable than 7...Nc6 at the moment.} 8. Bd3 Nbd7 9. O-O {D02: 1 d4 d5 2 Nf3 sidelines, including 2...Nf6 3 g3 and 2...Nf6 3 Bf4.} Bxg3 10. hxg3 e5 {White must now prevent ...e4.} 11. dxe5 {The position is equal.} Nxe5 12. Nxe5 Qxe5 13. Nf3 Qh5 14. Qa4 c4 {[#] Threatens to win with ...Bd7.} 15. Be2 $146 ({Predecessor:} 15. Bc2 Bg4 16. Nh2 Bd7 17. Qb4 Bc6 18. Rfd1 a5 19. Qb6 Rfe8 20. Rd2 Re6 21. Qc7 {1-0 (66) Dowgird,F (2298)-Hrabusa,M (2397) Pardubice 2019}) 15... Bg4 16. Rfd1 (16. Rad1 $11) 16... b5 17. Qa5 ({But not} 17. Qxb5 Rab8 $17) 17... Rfe8 18. Rd4 Re6 19. a4 Ne4 (19... bxa4 $1 $11 {keeps the balance.} 20. Rxa4 Re7) 20. Qxb5 $2 (20. Rad1 $1 $16 {is forced if you want to stay better.} Rh6 21. Nh4 Bxe2 22. Rxd5 {[%mdl 64] Double Attack}) 20... Rh6 $17 {[%csl Gh6][%cal Rh5h1]} 21. Nh4 Bxe2 22. Rxd5 Qg4 $1 {And now ...Rb6 would win.} 23. Nf5 $1 Rb6 24. Qd7 Rf8 (24... h5 $1 $15 25. Rd4 Nf6 26. Rxg4 Nxd7 27. Rxg7+ Kf8) 25. f3 $40 {[%mdl 128] White is up to no good.} Bxf3 $1 26. gxf3 (26. Rf1 $14 {stays ahead.} Ng5 27. Ne7+ Kh8 28. Qxg4 Bxg4 29. Rxg5) 26... Qxf3 27. Rf1 Qe2 28. Qe7 {Intending Qxf8+! and mate.} Re6 29. Qxa7 $2 {[%mdl 8192] [#] White does not recover from this.} (29. Rd8 $17 Qxe3+ 30. Nxe3 Rxe7 31. Rfd1) 29... Ng5 $1 $19 {[%cal Rg5h3] ( -> ...Nh3+). Black is clearly winning.} 30. Rdd1 {intending Qd4.} Nh3+ ({Less strong is} 30... Nf3+ {[#]} 31. Rxf3 $1 {[%mdl 512]} Qxd1+ 32. Rf1 $17) 31. Kh1 {Hoping for Qd4.} Nf2+ 32. Rxf2 Qxf2 {Accuracy: White = 52%, Black = 67%.} 0-1

[Event "Anderssen Memorial Open-A 2020"]
[Site "Wroclaw"]
[Date "2020.08.06"]
[Round "7.9"]
[White "Burian, Simon"]
[Black "Bojczewski, Mateusz"]
[Result "1-0"]
[WhiteElo "2073"]
[BlackElo "1886"]
[Annotator "TA"]
[PlyCount "145"]
[EventDate "2020.08.01"]
[EventType "swiss"]
[EventCountry "POL"]
[SourceTitle "playchess.com"]
[Source "ChessBase"]
[SourceQuality "1"]

{[%evp 20,145,18,18,54,14,76,45,59,68,89,75,70,5,10,-14,11,10,30,16,29,0,15,13,52,55,92,92,89,90,94,96,99,62,86,58,60,54,73,59,66,26,30,20,94,87,338,127,119,118,129,132,231,217,335,164,214,221,353,339,416,402,443,264,244,170,166,122,403,381,358,345,277,0,0,0,439,422,307,0,0,0,0,0,0,0,0,0,0,0,0,0,0,0,0,0,0,0,0,0,0,0,0,0,0,0,0,0,0,0,0,0,0,0,0,0,0,0,27998,27997,27998,27998,27999,27997,27998,27998,27999,27999]} 1. e4 c6 2. d4 d5 3. Nd2 {[%cal Bb1d2,Bd2e4,Be4g5][%mdl 32]} dxe4 4. Nxe4 Nd7 5. Ng5 Ngf6 6. Bd3 e6 7. N1f3 Bd6 8. Qe2 h6 9. Ne4 Nxe4 10. Qxe4 Nf6 {10...Nf6 has lost popularity.} 11. Qe2 c5 {B17: Caro-Kann: Modern Line (4...Nd7).} 12. Bd2 a6 (12... cxd4 $11 13. Nxd4 O-O) 13. O-O-O Bd7 {White is slightly better.} 14. dxc5 Bxc5 15. Ne5 Qb6 16. f4 (16. Bc3 $14) 16... Bb5 $11 {[#]} 17. c3 $146 ({Predecessor:} 17. Nc4 Bxc4 18. Bxc4 O-O 19. g4 Rfd8 20. g5 Nd5 21. gxh6 gxh6 22. f5 Bd4 23. c3 Bg7 24. Rhg1 Kf8 25. fxe6 Qxe6 26. Qg2 Be5 27. Bxd5 Rxd5 28. Qxd5 {1-0 (28) Paramzina,A (2221)-Dushin,N (1948) St Petersburg 2016}) 17... Bxd3 18. Nxd3 O-O-O 19. Ne5 {Black must now prevent b4.} Rhf8 20. g4 Nd5 21. Rhe1 Bd6 22. Nxf7 {[%mdl 64] Remove Defender, Decoy} Rxf7 23. Qxe6+ {[%mdl 64] Double Attack} Rfd7 24. Qxd5 Bxf4 25. Qc4+ Bc7 26. Re2 Kb8 27. Rde1 g5 {White should prevent ...Rxd2!} 28. Be3 Qf6 29. Rf2 Qg6 30. Qc5 {And now Qa7+ would win.} b6 31. Qf5 $36 {[%mdl 2048] Black is under pressure.} Qg8 (31... Qc6 $1 $11 {remains equal.}) 32. b3 $16 Rd3 $2 {[%mdl 8192]} (32... Rd5 $16 33. Qf7 Qxf7 34. Rxf7 Re8) 33. Kc2 $2 (33. Bd4 $1 $18 {is the precise move to win.} Rh3 34. Re7) 33... R3d5 34. Qf7 Qxf7 35. Rxf7 Bxh2 (35... Re8 $16) 36. Bd4 Bd6 (36... b5 $142 37. Rh7 R5d6) 37. Bf6 (37. Bxb6 Bg3 $18) (37. Re6 $142) 37... Rc8 38. Rd7 a5 (38... Rc7 {was worth a try.} 39. Re8+ Kb7) 39. a4 (39. Re6 Rc6 $18) 39... Rc7 40. Re8+ Kb7 41. Rxc7+ (41. Rdd8 $142) 41... Bxc7 $18 {[%mdl 4096] Endgame KRB-KRB} 42. Rh8 Bf4 43. Bd4 ({But not} 43. Rxh6 $6 Rd2+ 44. Kb1 Rd1+ 45. Ka2 Rd2+ 46. Ka3 Bd6+ 47. b4 axb4+ 48. Kb3 bxc3 $14) 43... Be5 $2 {[%mdl 8192]} (43... Rd6 $16 44. Re8 Kc6) 44. Rh7+ Ka6 45. Kd3 Rd6 46. Kc4 $2 (46. Ke4 $18 Bxd4 47. cxd4) 46... Bxd4 $1 $11 47. cxd4 {Hoping for d5. KR-KR} Rc6+ $2 {[%mdl 8192]} (47... Re6 $11) 48. Kd3 $1 $18 Rc1 {[#]} 49. d5 $2 ({Weaker is} 49. Rxh6 Rg1 $14) (49. Ke4 $1 $18) 49... Rg1 $1 $11 50. Rxh6 Rxg4 51. Rh7 Rg3+ 52. Ke4 Rxb3 53. d6 {White threatens d7 and mate.} Rb1 54. d7 Rd1 55. Ke5 g4 $1 56. Ke6 {Rh8 is the strong threat.} g3 57. Rg7 Re1+ 58. Kf7 Rd1 59. Ke8 b5 $1 60. Rg6+ Kb7 61. d8=Q $4 {[%mdl 8192]} (61. axb5 $11 Re1+ 62. Kf7) 61... Rxd8+ 62. Kxd8 bxa4 {KR-K3P} 63. Kd7 $2 {[%mdl 8192]} (63. Rg7+ $11 Ka6 64. Ke7 (64. Rxg3 Kb5 $11)) 63... a3 64. Rxg3 Kb6 $1 65. Rxa3 {KR-KP} (65. Rb3+ {looks sharper.}) 65... Kb5 66. Rh3 a4 67. Kd6 Kb4 {intending ...a3.} 68. Rh4+ Kb3 $2 {[%mdl 8192] [#]} (68... Kb5 $11) 69. Kc5 $1 {White mates.} a3 70. Rh3+ Kb2 71. Kb4 a2 72. Rh2+ Kb1 73. Kb3 {Accuracy: White = 66%, Black = 58%.} 1-0

[Event "Anderssen Memorial Open-A 2020"]
[Site "Wroclaw"]
[Date "2020.08.06"]
[Round "7.10"]
[White "Wong, Gengchun"]
[Black "Peglau, Mirjam"]
[Result "1-0"]
[WhiteElo "2190"]
[BlackElo "1851"]
[Annotator "TA"]
[PlyCount "49"]
[EventDate "2020.08.01"]
[EventType "swiss"]
[EventCountry "POL"]
[SourceTitle "playchess.com"]
[Source "ChessBase"]
[SourceQuality "1"]

{[%evp 9,49,78,119,121,282,275,315,262,250,268,381,379,381,379,353,342,404,251,246,242,288,208,219,150,271,257,397,387,498,500,811,799,789,770,1071,1045,29989,29990,29991,29992,29992,860]} 1. e4 e5 2. Nf3 Nc6 3. Bb5 Bc5 4. c3 Qe7 5. O-O Nf6 6. d4 {C64: Ruy Lopez: Classical Defence (3...Bc5) except 4 0-0 Nf6.} exd4 $2 (6... Bb6 $16 {was worth a try.}) 7. cxd4 $18 Bb6 8. Nc3 {White has a decisive advantage.} O-O 9. e5 {Strongly threatening Bg5.} Ne8 (9... Nxd4 $142 10. exf6 Qxf6 11. Nxd4 Qxd4) 10. Nd5 Qd8 11. Bg5 f6 12. exf6 Nxf6 13. Nxf6+ gxf6 14. Bh6 Rf7 15. d5 {[#]} Ne7 $146 ({Predecessor:} 15... Ne5 16. Nxe5 fxe5 17. d6 Qf6 18. Qd2 Ba5 19. Qe3 Bb6 20. Qg3+ Kh8 21. Bc4 Qxh6 22. Bxf7 {1-0 (50) Tsekov,V-Simov,Z (1629) Sofia 2011}) 16. Re1 Nf5 (16... d6 $16) 17. Bf4 Re7 (17... a6 {was called for.}) 18. d6 Rxe1+ 19. Qxe1 Nxd6 (19... Ng7 $142 20. Bd3 Qe8) 20. Bxd6 cxd6 21. Qe4 {[#] aiming for Bd3.} Qf8 22. Re1 Kg7 23. Nh4 {White mates.} d5 24. Nf5+ Kh8 {[#]} 25. Qg4 {Black got outplayed after the opening. Accuracy: White = 76%, Black = 24%.} (25. Qh4 $142 $1 {[%mdl 512]} Bxf2+ 26. Kxf2 Kg8 27. Bd3 h5 28. Qg3+ Kh7 29. Re7+ Kh8 30. Qg6 Qxe7 31. Nxe7 h4 32. Qxf6#) 1-0

[Event "Anderssen Memorial Open-A 2020"]
[Site "Wroclaw"]
[Date "2020.08.06"]
[Round "7.11"]
[White "Trybus, Daniel"]
[Black "Krawiec, Grzegorz"]
[Result "1-0"]
[WhiteElo "1950"]
[BlackElo "1812"]
[Annotator "TA"]
[PlyCount "47"]
[EventDate "2020.08.01"]
[EventType "swiss"]
[EventCountry "POL"]
[SourceTitle "playchess.com"]
[Source "ChessBase"]
[SourceQuality "1"]

{[%evp 20,47,42,30,34,23,28,18,18,9,14,14,13,11,47,31,34,27,27,26,55,64,69,75,169,172,172,170,161,160]} 1. e4 c5 2. Nf3 Nc6 3. d4 cxd4 4. Nxd4 e5 5. Nb5 a6 6. Nd6+ Bxd6 7. Qxd6 Qf6 8. Qc7 Nge7 9. Nc3 Nb4 10. Bd3 d5 11. exd5 Nexd5 {B32: Sicilian: Löwenthal and Kalashnikov Variations.} 12. Nxd5 Nxd5 13. Qc5 Be6 {The position is equal.} 14. O-O Rc8 15. Qa3 Qe7 16. Qa4+ Bd7 17. Qe4 Bc6 {[#]} 18. Qg4 $146 {[%mdl 64] [#] Double Attack} ({Predecessor:} 18. Re1 f6 19. Qh4 Kf7 20. Bd2 h5 21. Bc4 g5 22. Qe4 Kg7 23. Bxd5 Bxd5 24. Qxd5 Rhd8 25. Qa5 Rc5 26. Bb4 Rxa5 27. Bxe7 Rd7 28. Bb4 {1-0 (28) Garcia Cano,A (2283)-Dickl,E (2197) Catalunya 2008}) 18... O-O $1 19. Bh6 {[%csl Gh6][%cal Rg4g7]} Qf6 20. Bg5 Qd6 $1 21. Rad1 $40 {[%mdl 128] aiming for c4. White has strong attack.} Bd7 {[#]} (21... h6 $16) 22. Qh4 $1 $18 {[%csl Gd3][%cal Rh4h7] White is clearly better.} f5 23. Bc4 {[%mdl 64] Discovered Attack} Rxc4 24. Qxc4 {Accuracy: White = 100%, Black = 72%.} 1-0

[Event "Anderssen Memorial Open-A 2020"]
[Site "Wroclaw"]
[Date "2020.08.06"]
[Round "7.12"]
[White "Vanduyfhuys, Daria"]
[Black "Kowalczyk, Wojciech"]
[Result "0-1"]
[WhiteElo "1985"]
[BlackElo "1873"]
[Annotator "TA"]
[PlyCount "76"]
[EventDate "2020.08.01"]
[EventType "swiss"]
[EventCountry "POL"]
[SourceTitle "playchess.com"]
[Source "ChessBase"]
[SourceQuality "1"]

{[%evp 20,76,39,39,58,57,-29,-31,-24,-47,-41,-41,-40,-78,-72,-82,-88,-79,-76,-83,-83,-97,-96,-97,-102,-104,-96,-104,-64,-71,-29,-78,-8,-14,-16,-24,-11,-53,-61,-362,-354,-483,-486,-483,-474,-475,-467,-572,-543,-999,-958,-877,-833,-6153,-971,-1027,-1013,-1067,-935]} 1. d4 Nf6 2. c4 g6 3. Nc3 Bg7 4. e4 d6 5. Nf3 O-O 6. Be2 e5 7. dxe5 dxe5 8. Qxd8 Rxd8 9. Bg5 Nbd7 10. O-O-O Rf8 11. Nd5 {11.Nd5 scores better than 11.Nd2.} Nxe4 {E92: King's Indian: Classical: 6 Be2 e5: 7 dxe5, 7 Be3 and Petrosian System without 7...Nbd7.} 12. Ne7+ ({Reject} 12. Nxc7 Nxg5 13. Nxg5 (13. Nxa8 Ne6 $17) 13... Rb8 $11) (12. Be3 $1 $14) 12... Kh8 $11 13. Nxc8 Ndc5 {[#] Black is slightly better.} 14. Be3 $146 ({Predecessor:} 14. Ne7 Nxg5 15. Nxg5 Bf6 16. Nxh7 Kxh7 17. Nd5 Bg5+ 18. Kc2 Ne6 19. h4 Bh6 20. Bd3 {0-1 (86) Schneider,A (2395)-Horvath,A (2412) Hungary 2000}) 14... Raxc8 15. Nd2 {Threatens to win with f3.} b6 {[%cal Bb7b6,Bb6c5,Bc5d4][%mdl 32]} 16. f3 Nxd2 17. Bxc5 bxc5 18. Kxd2 Rcd8+ 19. Kc2 Rd4 20. Rxd4 cxd4 $17 {[%mdl 4096] Endgame KRB-KRB} 21. c5 f5 22. Bd3 Re8 23. Re1 h5 24. b4 Bf8 25. Kb3 c6 (25... Bh6 $17) 26. Kc4 Kg7 27. a4 Kf6 28. Bc2 Rd8 29. b5 $2 {[%mdl 8192] Loses the game.} ({White should play} 29. Rb1 $15) 29... Rd5 $19 30. Bb1 Rxc5+ {Black is clearly winning.} 31. Kd3 cxb5 32. axb5 Rxb5 33. Bc2 Rc5 {aiming for ...Rc3+.} 34. Rb1 {[#]} e4+ $1 35. fxe4 fxe4+ 36. Kd2 e3+ 37. Kd1 {[#]} e2+ $1 38. Kd2 (38. Kxe2 Rxc2+) 38... Bh6+ {Accuracy: White = 44%, Black = 70%.} 0-1

[Event "Anderssen Memorial Open-A 2020"]
[Site "Wroclaw"]
[Date "2020.08.06"]
[Round "7.13"]
[White "Golecki, Jan"]
[Black "Peglau, Dora"]
[Result "1-0"]
[WhiteElo "2106"]
[BlackElo "1704"]
[Annotator "TA"]
[PlyCount "43"]
[EventDate "2020.08.01"]
[EventType "swiss"]
[EventCountry "POL"]
[SourceTitle "playchess.com"]
[Source "ChessBase"]
[SourceQuality "1"]

{[%evp 11,43,0,9,0,19,3,10,10,15,12,23,24,25,19,18,9,24,23,25,20,28,26,28,28,35,17,33,4,341,337,1342,1323,1312,981]} 1. d4 Nf6 2. Nc3 d5 3. Bg5 Bf5 4. Bxf6 exf6 5. e3 c6 6. Bd3 Bg6 {was the old line (6...Bxd3).} 7. Nf3 {D01: Veresov Opening.} Bd6 8. e4 dxe4 9. Nxe4 {The position is equal.} Bc7 10. O-O O-O {[#]} 11. c3 $146 ({Predecessor:} 11. Ng3 Nd7 12. Re1 Re8 13. Qd2 Nf8 14. Bc4 Qd7 15. a4 Rad8 16. c3 a6 17. b4 {1-0 (34) Stahlberg,G-Robertsson,K Orebro 1927}) 11... Re8 12. Re1 Nd7 13. Qd2 Bxe4 14. Bxe4 Nb6 15. Re2 Qd6 16. Rae1 g6 17. g3 Kg7 18. b3 Rad8 19. Nh4 {Bxg6 is the strong threat.} (19. c4 $5 {[%cal Rc4c5]}) 19... c5 $2 {[%mdl 8192] [#]} (19... Qd7 $11 {and Black is okay.}) 20. Bxg6 $1 $18 {[%mdl 64] Discovered Attack} ({Not} 20. Bxb7 Rxe2 21. Rxe2 (21. Qxe2 cxd4 22. cxd4 Qxd4 $11) 21... cxd4 $14) 20... Rxe2 $2 (20... hxg6 21. Rxe8 Rxe8) 21. Nf5+ {[%mdl 64] Double Attack, Zwischenzug} Kxg6 22. Qxe2 {Accuracy: White = 92%, Black = 63%.} 1-0

[Event "Anderssen Memorial Open-A 2020"]
[Site "Wroclaw"]
[Date "2020.08.06"]
[Round "7.14"]
[White "Szczesniak, Konrad"]
[Black "Roessler, Frank-Peter"]
[Result "1/2-1/2"]
[WhiteElo "2033"]
[BlackElo "1902"]
[Annotator "TA"]
[PlyCount "131"]
[EventDate "2020.08.01"]
[EventType "swiss"]
[EventCountry "POL"]
[SourceTitle "playchess.com"]
[Source "ChessBase"]
[SourceQuality "1"]

{[%evp 9,131,23,23,-3,22,31,41,20,16,10,32,-45,50,50,47,36,47,-29,-27,-10,-18,-20,-27,-64,-64,-112,0,0,50,43,53,28,85,40,29,-64,0,-24,89,62,77,89,195,96,100,94,93,98,94,81,79,28,12,31,31,39,25,35,19,28,28,23,25,21,62,46,85,0,0,-8,-11,-29,-8,-51,-11,-13,-2,-29,-28,-444,0,0,69,81,143,16,20,0,0,0,137,153,151,21,54,51,59,67,59,0,0,0,0,0,0,0,0,0,0,0,0,0,0,0,0,0,0,0,0,0,0,0,0,0]} 1. d4 f5 2. c4 Nf6 3. g3 d6 4. Bg2 Nc6 5. Nf3 e5 6. O-O {A86: Dutch Defence: Leningrad System: Unusual lines and 5 Nh3.} Be7 (6... e4 $5 {[%cal Re4f3]} 7. Nh4 d5 $11) 7. Nc3 O-O 8. Rb1 {White is slightly better.} e4 9. Ne1 {[#]} Qe8 $146 ({Predecessor:} 9... d5 10. c5 Be6 11. b4 Qe8 12. Nc2 Qh5 13. f3 g5 14. Qd2 h6 15. b5 Na5 16. Nxd5 Bxd5 17. Qxa5 {1-0 (33) Levieux,P-Guerin,B Cappelle-la-Grande 1995}) 10. b4 (10. Nc2 $14) 10... Qh5 (10... Qf7 $1 $15 11. d5 Ne5) 11. f3 $14 Bd7 12. Nc2 Rae8 13. Nd5 (13. Rb2 $14) 13... Nxd5 $11 14. cxd5 Nd8 15. fxe4 fxe4 16. Rxf8+ Rxf8 17. Ne3 Bg5 (17... Nf7 $17 {White must now prevent ...Ng5.} 18. Nf1 Bb5) 18. Bxe4 Bh3 19. Ng2 Nf7 $1 ({Much worse is} 19... Bxc1 $6 20. Rxc1 Qf7 21. Nf4 $16) 20. Qd3 Qh6 (20... Bg4 $11 {remains equal.}) 21. Nf4 Bxf4 $1 22. gxf4 (22. Bxf4 $11 Qh5 23. Bf3) 22... Qh5 (22... Ng5 $1 $15 23. Rb3 Nxe4 24. Qxe4 Qh4) 23. Bf3 Qh4 (23... Bg4 $11) 24. Bd2 $1 $36 {[%mdl 2048] White is pushing.} Nh6 {[%cal Bf7h6,Bh6g4,Bg4f6][%mdl 32]} 25. e4 Bg4 (25... g5 $16 {keeps fighting.}) 26. Rf1 (26. Bg2 $18) 26... Bh3 27. Bg2 Bxg2 28. Kxg2 Ng4 29. Qg3 Qh5 30. Qh3 ({White should play} 30. Re1 $16) 30... Qxh3+ $1 $11 31. Kxh3 {[%mdl 4096] Endgame KRB-KRN} Nf6 32. Re1 Re8 33. e5 dxe5 34. dxe5 Nxd5 35. f5 g6 36. Kg4 Kf7 37. e6+ Kg7 38. Bg5 ({White should try} 38. h4 $16) 38... h5+ 39. Kh4 gxf5 40. Bc1 Kg6 41. Bb2 Nf4 42. Rg1+ Kh7 43. Rg7+ (43. Rf1 $5 {[%cal Rf1f4]} Nd3 44. Bc3 $15) 43... Kh6 44. Rxc7 $2 {[%mdl 8192] [#]} (44. Rf7 $11 {and White stays safe.} Rxe6 45. Rxf5 Ng6+ 46. Kg3) 44... Ng6+ $2 (44... Rg8 $1 $19 {[%csl Gf5,Gh5][%cal Rg8g4]} 45. Bg7+ Rxg7 46. Rxg7 Kxg7) 45. Kg3 f4+ (45... Rxe6 $11 46. Rxb7 Re2 47. Bc1+ f4+ 48. Kf3 Rxa2) 46. Kf3 $14 Rxe6 {[#]} (46... b6 $142) 47. Rxb7 (47. Bg7+ $1 $16 Kh7 48. Rxb7) 47... a6 $11 48. Bc1 Kg5 {Strongly threatening ...Re1.} 49. Rg7 Rc6 (49... Rf6 $11) 50. Bxf4+ $1 $16 Kf6 51. Ra7 (51. Rc7 $16 Ne7 52. Rxc6+ Nxc6 53. a3) 51... Rc3+ 52. Be3 {Ke4 is the strong threat.} Ne5+ 53. Ke4 Rc4+ 54. Bd4 ({Better is} 54. Kd5 $14 Rxb4 55. Rxa6+ Kf5 56. h3) 54... Rxd4+ $1 $11 {[%mdl 64] Decoy. The position is equal.} 55. Kxd4 {KR-KN} Nc6+ {[%mdl 64] Double Attack} 56. Kc5 Nxa7 {KN-K3P} 57. Kb6 Nc8+ 58. Kxa6 Ke6 59. b5 Ne7 60. a4 Kd6 61. Kb6 Nd5+ 62. Ka6 Kc5 63. h4 Nc7+ (63... Nb6 $5 {[%cal Rb6a4]} 64. a5 Nd7 $11) 64. Ka5 Na8 {Threatens to win with ...Nb6.} (64... Nd5 $5 65. Ka6 $8 Nb4+ 66. Kb7 Nd5 $11) 65. Ka6 Nc7+ 66. Ka5 {Never resign too early! Accuracy: White = 57%, Black = 65%.} 1/2-1/2

[Event "Anderssen Memorial Open-A 2020"]
[Site "Wroclaw"]
[Date "2020.08.06"]
[Round "7.15"]
[White "Peglau, Markus"]
[Black "Malecki, Rafal"]
[Result "1/2-1/2"]
[WhiteElo "1910"]
[BlackElo "2071"]
[Annotator "TA"]
[PlyCount "70"]
[EventDate "2020.08.01"]
[EventType "swiss"]
[EventCountry "POL"]
[SourceTitle "playchess.com"]
[Source "ChessBase"]
[SourceQuality "1"]

{[%evp 17,70,38,41,-15,-11,-20,0,-24,0,-3,35,-43,-33,-103,-85,-224,-241,-225,-145,-167,-184,-505,-475,-409,-110,-172,-151,-131,-145,-162,-163,-152,-168,-131,-18,-7,-18,-18,-18,-18,-20,-18,-18,-22,-39,-103,-103,-103,-103,-91,-85,-85,0,0,0]} 1. Nf3 d6 2. c4 e5 3. d4 Nd7 4. Nc3 Ngf6 5. e4 g6 6. Be2 Bg7 7. Be3 O-O 8. dxe5 dxe5 9. O-O c6 10. Qd2 {E94: King's Indian: Classical: 6 Be2 e5 7 0-0: Various Black 7th moves.} (10. b4 $14) 10... Qe7 $11 11. Rfd1 Nc5 {[%cal Bd7c5,Bc5e6,Be6d4][%mdl 32]} 12. Qc2 a5 {[%cal Ba7a5,Ba5a4][%mdl 32]} 13. h3 Nh5 {[#]} 14. Nd2 $146 (14. Bxc5 $14 Qxc5 15. Na4) ({Predecessor:} 14. Bxc5 Qxc5 15. Na4 Qe7 16. Nb6 Rb8 17. c5 Nf4 18. Bc4 Qf6 19. Qc3 Be6 20. Kh1 {0-1 (36) Urbanc,T (1678)-Kralj,N (1660) Nova Gorica 2018}) 14... Nf4 $15 15. Nb3 (15. Nf3 $15) 15... Nce6 $17 16. Bg4 (16. Na4 $17) 16... a4 $19 17. Nc1 Nd4 18. Bxd4 exd4 19. Nxa4 $2 (19. N3e2 {nothing else works.} Bxg4 20. hxg4 Nxe2+ 21. Qxe2) 19... Bxg4 20. hxg4 Qb4 $2 (20... f5 $19 {and Black stays clearly on top.} 21. Nb6 fxe4 22. Nxa8 d3 23. Rxd3 exd3 24. Nxd3 Qe4 $1 {[%mdl 512]}) 21. b3 (21. g3 $17 {might work better.}) 21... d3 22. Nxd3 Nxd3 23. Qxd3 Bxa1 24. Rxa1 Rfd8 25. Qe3 Rd2 ({Better is} 25... Qd2 $17 {aiming for ...Qxe3.} 26. Qxd2 Rxd2) 26. e5 $1 $11 Rad8 {White must now prevent ...Qe7.} 27. Nc5 b6 28. Ne4 {Strongly threatening Qh6.} Rd1+ 29. Rxd1 Rxd1+ {[%mdl 4096] Endgame KQR-KQN} 30. Kh2 Qe1 {Threatens to win with ...Qxe3.} 31. Qf4 (31. Qf3 $1 $15) 31... Qh1+ $17 {[%mdl 1024] Black has strong compensation.} 32. Kg3 Rd3+ 33. f3 {[#]} Qe1+ $1 34. Kh3 {[#]} Qh1+ (34... Qe3 $1 $17 {[%cal Re3f4]} 35. Kg3 Qxf4+ 36. Kxf4 Kf8) 35. Kg3 $1 $11 Qe1+ {Whites escaped into a draw. Accuracy: White = 49%, Black = 65%.} 1/2-1/2